[Event "St Petersburg Korchnoi Memorial op"]
[Site "St Petersburg"]
[Date "2024.08.18"]
[Round "4"]
[White "Seleznev, Mikhail V"]
[Black "Gitelson, Arkady"]
[Result "0-1"]
[WhiteElo "1876"]
[BlackElo "2296"]
[PlyCount "74"]
[EventDate "2024.08.17"]
[EventType "swiss"]
[EventRounds "9"]
[EventCountry "RUS"]
[SourceTitle "CBM 221 Extra"]
[Source "ChessBase"]
[SourceDate "2024.09.30"]
[SourceVersion "1"]
[SourceVersionDate "2024.09.30"]
[SourceQuality "1"]

1. e4 e5 2. Nf3 Nc6 3. Bc4 Nf6 4. d3 h6 5. 0-0 d6 6. Re1 g5 7. c3 Bg7 8. a4 a5 9. Na3 0-0 10. Nb5 Be6 11. Nd2 Bxc4 12. Nxc4 d5 13. Ne3 Ne7 14. Qf3 c6 15. Na3 Qd7 16. h3 Rad8 17. Ng4 Qd6 18. Be3 Nd7 19. Qe2 f5 20. exf5 Nxf5 21. c4 d4 22. Bd2 b6 23. Nc2 e4 24. b4 e3 25. Bc1 axb4 26. Rb1 Rde8 27. fxe3 dxe3 28. Ngxe3 Ng3 29. Qd1 c5 30. Bd2 Qxd3 31. Bxb4 Ne5 32. Ba3 Rd8 33. Kh2 Qg6 34. Nd5 Qd6 35. Rxb6 Ng4+ 36. Kg1 Ne2+ 37. Qxe2 Qh2# 0-1

[Event "Chigorin Memorial 30th"]
[Site "St Petersburg"]
[Date "2023.10.29"]
[Round "9"]
[White "Seleznev, Mikhail V"]
[Black "Chervyakova, Tatiana"]
[Result "0-1"]
[WhiteElo "1931"]
[BlackElo "1697"]
[PlyCount "50"]
[EventDate "2023.10.21"]
[EventType "swiss"]
[EventRounds "9"]
[EventCountry "RUS"]
[SourceTitle "CBM 216 Extra"]
[Source "ChessBase"]
[SourceDate "2023.11.30"]
[SourceVersion "1"]
[SourceVersionDate "2023.11.30"]
[SourceQuality "1"]

1. Nf3 g6 2. e4 c5 3. d4 Bg7 4. c3 cxd4 5. cxd4 d6 6. Nc3 Nf6 7. Bd3 0-0 8. 0-0 Bg4 9. h3 Bxf3 10. Qxf3 Nc6 11. Be3 Nd7 12. Ne2 Nde5 13. dxe5 Nxe5 14. Qg3 Nxd3 15. Bxa7 Rxa7 16. Qxd3 Bxb2 17. Rab1 Bg7 18. Qd5 Qd7 19. Rb6 Rc8 20. Rfb1 Rc7 21. Nf4 Qc8 22. g3 Bf8 23. Qb3 Rc3 24. Qd1 Rxa2 25. Rxb7 Qc5 0-1

[Event "Chigorin Memorial 30th"]
[Site "St Petersburg"]
[Date "2023.10.27"]
[Round "7"]
[White "Seleznev, Mikhail V"]
[Black "Meshcheriakova, Emiliia"]
[Result "0-1"]
[WhiteElo "1931"]
[BlackElo "1674"]
[PlyCount "56"]
[EventDate "2023.10.21"]
[EventType "swiss"]
[EventRounds "9"]
[EventCountry "RUS"]
[SourceTitle "CBM 216 Extra"]
[Source "ChessBase"]
[SourceDate "2023.11.30"]
[SourceVersion "1"]
[SourceVersionDate "2023.11.30"]
[SourceQuality "1"]

1. Nf3 Nf6 2. c4 e6 3. d4 d5 4. Nc3 c5 5. e3 a6 6. a3 dxc4 7. Bxc4 b5 8. Bd3 Bb7 9. 0-0 Nbd7 10. Qe2 Be7 11. Rd1 Qb6 12. Bc2 0-0 13. e4 cxd4 14. Nxd4 Bc5 15. Be3 e5 16. Nf5 Bxe3 17. Nxe3 Rad8 18. Nf5 Nc5 19. Qe3 Kh8 20. Rac1 g6 21. Nh6 Kg7 22. b4 Na4 23. Nf5+ gxf5 24. Qg5+ Kh8 25. Bxa4 bxa4 26. Nxa4 Qxf2+ 27. Kh1 Rxd1+ 28. Rxd1 Nxe4 0-1

[Event "Chigorin Memorial 30th"]
[Site "St Petersburg"]
[Date "2023.10.26"]
[Round "6"]
[White "Dodonov, Ivan"]
[Black "Seleznev, Mikhail V"]
[Result "0-1"]
[WhiteElo "1638"]
[BlackElo "1931"]
[PlyCount "62"]
[EventDate "2023.10.21"]
[EventType "swiss"]
[EventRounds "9"]
[EventCountry "RUS"]
[SourceTitle "CBM 216 Extra"]
[Source "ChessBase"]
[SourceDate "2023.11.30"]
[SourceVersion "1"]
[SourceVersionDate "2023.11.30"]
[SourceQuality "1"]

1. d4 Nf6 2. Nf3 g6 3. Bf4 Bg7 4. e3 0-0 5. Be2 b6 6. 0-0 Bb7 7. h3 d6 8. Bh2 Nbd7 9. a4 a6 10. c4 e6 11. a5 Qe7 12. axb6 cxb6 13. c5 dxc5 14. dxc5 Ne4 15. Bd6 Nxd6 16. cxd6 Qf6 17. Nc3 Rfd8 18. Nd2 Nc5 19. Nc4 Bf8 20. Qc2 Qg5 21. g3 Bxd6 22. h4 Qe7 23. Nxb6 Bxg3 24. fxg3 Qc7 25. Kh2 Qxb6 26. h5 Rac8 27. hxg6 hxg6 28. Rf4 Kg7 29. Bh5 e5 30. Rg4 Rh8 31. Qf5 Rxh5+ 0-1

[Event "St Petersburg Korchnoi Memorial op"]
[Site "St Petersburg"]
[Date "2023.08.18"]
[Round "1"]
[White "Sediki, Shapur"]
[Black "Seleznev, Mikhail V"]
[Result "1-0"]
[WhiteElo "1402"]
[BlackElo "1966"]
[PlyCount "62"]
[EventDate "2023.08.18"]
[EventType "swiss"]
[EventRounds "9"]
[EventCountry "RUS"]
[SourceTitle "CBM 216 Extra"]
[Source "ChessBase"]
[SourceDate "2023.11.30"]
[SourceVersion "1"]
[SourceVersionDate "2023.11.30"]
[SourceQuality "1"]

1. e4 c5 2. Nf3 d6 3. d4 cxd4 4. Nxd4 Nf6 5. Nc3 a6 6. Bc4 e6 7. Bb3 Nbd7 8. f4 Nc5 9. f5 Be7 10. fxe6 fxe6 11. 0-0 Nxb3 12. axb3 0-0 13. Qe2 Bd7 14. Bg5 Qb6 15. Be3 Qc7 16. Kh1 Rae8 17. Bg1 Bd8 18. h3 Qc8 19. Rad1 Bc7 20. Bh2 e5 21. Nf5 Re6 22. g4 Bc6 23. g5 Nd7 24. Qc4 Rfe8 25. Nd5 Kh8 26. h4 Bb6 27. Qe2 Qb8 28. Bg1 Rf8 29. c4 Ree8 30. Be3 Nc5 31. Bxc5 dxc5 1-0

[Event "Chigorin Memorial 29th"]
[Site "St Petersburg"]
[Date "2022.10.25"]
[Round "4"]
[White "Seleznev, Mikhail V"]
[Black "Zhurova, Anna"]
[Result "0-1"]
[WhiteElo "1992"]
[BlackElo "2269"]
[PlyCount "70"]
[EventDate "2022.10.22"]
[EventType "swiss"]
[EventRounds "9"]
[EventCountry "RUS"]
[SourceTitle "EXT 2024"]
[Source "ChessBase"]
[SourceDate "2023.10.10"]
[SourceVersion "1"]
[SourceVersionDate "2023.10.10"]
[SourceQuality "1"]

1. d4 e6 2. Nf3 c5 3. c4 cxd4 4. Nxd4 Nf6 5. g3 Qc7 6. Nd2 a6 7. Bg2 h5 8. h3 Bc5 9. e3 Nc6 10. Nxc6 dxc6 11. a3 a5 12. Nb3 Ba7 13. Bd2 a4 14. Nc1 e5 15. Ne2 Bf5 16. Nc3 0-0 17. e4 Be6 18. Qe2 Bd4 19. 0-0 g6 20. Nd1 Kg7 21. Be3 Rfd8 22. Rc1 Qa5 23. Bd2 Qc7 24. Bg5 Rd7 25. Nc3 Ne8 26. Kh2 f6 27. Bd2 Nd6 28. Nd1 h4 29. Be3 Nf7 30. g4 Rad8 31. Qc2 Qa5 32. Bd2 Qa6 33. Be1 Nd6 34. c5 Bb3 35. Qd2 Nxe4 0-1

[Event "Chigorin Memorial 28th"]
[Site "St Petersburg"]
[Date "2021.10.28"]
[Round "6"]
[White "Seleznev, Mikhail V"]
[Black "Satanovskaia, Evgeniia"]
[Result "1-0"]
[WhiteElo "1971"]
[BlackElo "1709"]
[PlyCount "91"]
[EventDate "2021.10.23"]
[EventType "swiss"]
[EventRounds "9"]
[EventCountry "RUS"]
[SourceTitle "EXT 2023"]
[Source "ChessBase"]
[SourceDate "2022.10.05"]
[SourceVersion "1"]
[SourceVersionDate "2022.10.05"]
[SourceQuality "1"]

1. d4 Nf6 2. c4 e6 3. g3 d5 4. Bg2 Bb4+ 5. Nd2 0-0 6. Ngf3 dxc4 7. 0-0 c3 8. Nc4 c5 9. a3 Ba5 10. dxc5 cxb2 11. Bxb2 Bc7 12. Rc1 Nc6 13. Qc2 Qe7 14. Ng5 e5 15. Ne3 g6 16. Rfd1 Be6 17. Nxe6 Qxe6 18. Qc4 Qe7 19. Qh4 Rad8 20. Bxc6 bxc6 21. Ng4 Kg7 22. Qh6+ Kg8 23. Qg5 Kg7 24. Nxe5 h6 25. Nxc6 Rxd1+ 26. Rxd1 Qe6 27. Qxf6+ Qxf6 28. Bxf6+ Kxf6 29. Rd7 Bb8 30. f4 Rc8 31. Nxb8 Rxb8 32. Rxa7 Rb1+ 33. Kg2 Rc1 34. Ra6+ Kf5 35. Kf3 Rf1+ 36. Ke3 Rc1 37. h3 h5 38. Kd3 Rd1+ 39. Kc2 Rg1 40. Rd6 Rg2 41. Kd2 Rxg3 42. c6 Rxa3 43. c7 Ra2+ 44. Kc3 Ra3+ 45. Kb2 Ra8 46. Rd8 1-0

[Event "Chigorin Memorial 28th"]
[Site "St Petersburg"]
[Date "2021.10.27"]
[Round "5"]
[White "Smirnov, Mark1"]
[Black "Seleznev, Mikhail V"]
[Result "1-0"]
[WhiteElo "1449"]
[BlackElo "1971"]
[PlyCount "84"]
[EventDate "2021.10.23"]
[EventType "swiss"]
[EventRounds "9"]
[EventCountry "RUS"]
[SourceTitle "EXT 2023"]
[Source "ChessBase"]
[SourceDate "2022.10.05"]
[SourceVersion "1"]
[SourceVersionDate "2022.10.05"]
[SourceQuality "1"]

1. e4 c5 2. Nf3 d6 3. d4 cxd4 4. Nxd4 Nf6 5. Nc3 a6 6. Bg5 Nbd7 7. f4 h6 8. Bh4 Qc7 9. Qf3 e6 10. 0-0-0 Be7 11. Bd3 g5 12. fxg5 Ne5 13. Qe3 Nfg4 14. Qe2 hxg5 15. Bg3 Bd7 16. h3 Nxd3+ 17. cxd3 Ne5 18. Kb1 b5 19. Rc1 Qb7 20. Nd1 Rc8 21. Ne3 Rxc1+ 22. Rxc1 f6 23. Nb3 Bd8 24. Qc2 Bb6 25. d4 Nc6 26. Ng4 Nxd4 27. Nxd4 Bxd4 28. Qd3 Be5 29. Bxe5 dxe5 30. Nxf6+ Ke7 31. Rf1 Rf8 32. Qf3 Kd8 33. Qe3 Bc6 34. Qxg5 Qe7 35. Qxe5 Kc8 36. g4 Kb7 37. g5 Qb4 38. Rg1 Qc4 39. Qc3 Bxe4+ 40. Ka1 Qe2 41. Re1 Qd3 42. Nxe4 Rf1 1-0